Biblioteca y Centro de Documentación

Las empresas públicas de transporte en 2000 (Registro nro. 32795)

Detalles MARC
000 -CABECERA
Longitud fija campo de control 01126naa a2200313 c 4500
001 - NÚMERO DE CONTROL
Número de control 32795
003 - IDENTIFICADOR DE NÚMERO DE CONTROL
Identificador del número de control ES-MaCES
005 - FECHA Y HORA DE LA ÚLTIMA TRANSACCIÓN
Fecha y hora de la última transacción 20020513134700.0
008 - CAMPO FIJO DE DESCRIPCIÓN FIJA--INFORMACIÓN GENERAL
Códigos de información de longitud fija   020508n2001 sp t o000 | spa d
035 ## - NÚMERO DE CONTROL DEL SISTEMA
Número de control del sistema CES20020002697v
040 ## - FUENTE DE CATALOGACIÓN
Centro catalogador de origen ES-MaCES
Lengua de catalogación spa
Centro transcriptor ES-MaCES
245 04 - MENCIÓN DE TÍTULO
Título Las empresas públicas de transporte en 2000
Mención de responsabilidad, etc. Subdirección General de Normativa y Estudios Técnicos y Análisis Económico
500 ## - NOTA GENERAL
Nota general Resumen en español
650 #4 - ASIENTO SECUNDARIO DE MATERIA--TÉRMINO DE MATERIA
Término de materia o nombre geográfico como elemento inicial balance
9 (RLIN) 30786
650 #4 - ASIENTO SECUNDARIO DE MATERIA--TÉRMINO DE MATERIA
Término de materia o nombre geográfico como elemento inicial 2000
9 (RLIN) 30991
650 #4 - ASIENTO SECUNDARIO DE MATERIA--TÉRMINO DE MATERIA
Término de materia o nombre geográfico como elemento inicial España
9 (RLIN) 26964
650 #4 - ASIENTO SECUNDARIO DE MATERIA--TÉRMINO DE MATERIA
Término de materia o nombre geográfico como elemento inicial estudio de casos
9 (RLIN) 28846
650 #4 - ASIENTO SECUNDARIO DE MATERIA--TÉRMINO DE MATERIA
Término de materia o nombre geográfico como elemento inicial informe de actividades
9 (RLIN) 28984
650 #4 - ASIENTO SECUNDARIO DE MATERIA--TÉRMINO DE MATERIA
Término de materia o nombre geográfico como elemento inicial transporte marítimo
9 (RLIN) 28055
650 #4 - ASIENTO SECUNDARIO DE MATERIA--TÉRMINO DE MATERIA
Término de materia o nombre geográfico como elemento inicial transporte ferroviario
9 (RLIN) 28053
650 #4 - ASIENTO SECUNDARIO DE MATERIA--TÉRMINO DE MATERIA
Término de materia o nombre geográfico como elemento inicial transporte aéreo
9 (RLIN) 28048
650 #4 - ASIENTO SECUNDARIO DE MATERIA--TÉRMINO DE MATERIA
Término de materia o nombre geográfico como elemento inicial empresa pública
9 (RLIN) 27148
653 10 - TÉRMINO DE INDEXACIÓN--NO CONTROLADO
Término no controlado Transporte-Comunicaciones
710 1# - ENCABEZAMIENTO SECUNDARIO--NOMBRE CORPORATIVO
Nombre de entidad o nombre de jurisdicción como elemento inicial España
Unidad subordinada Ministerio de Fomento
9 (RLIN) 3244
773 0# - ENTRADA DE DOCUMENTO FUENTE
Título Estudios de construcción y transportes
Parte(s) relacionada(s) n. 92 (jul. - sept. 2001){10674 R. 046568}; p. 7-78
Número de control del registro relacionado (ES-MaCES)25738
Itemnumber del ítem fuente 70936
902 ## - CES. TIPO DE DOCUMENTO
Tipodoc (006$c Sirtex) ART Artículo de revista
942 ## - ELEMENTOS KOHA
Fuente de clasificaión o esquema Clasificación propia del CES
Koha [por defecto] tipo de item Artículos (1982-2017)
Parte de clasificación 5.2.

No hay ítems disponibles.

© CES, Consejo Económico y Social de España 2021